| 000 | 02378cam a22004214a 4500 | ||
|---|---|---|---|
| 001 | 15246780 | ||
| 005 | 20090810074800.0 | ||
| 008 | 080402s2009 nyua |rb 001 0 eng | ||
| 010 | _a 2008015169 | ||
| 016 | 7 |
_a101470485 _2DNLM |
|
| 020 | _a9780071493970 (pbk. : alk. paper) | ||
| 020 | _a0071493972 (pbk. : alk. paper) | ||
| 035 |
_a(OCoLC)221961067 _z(OCoLC)192056333 |
||
| 035 | _a(OCoLC)ocn221961067 | ||
| 040 |
_aDNLM/DLC _cDLC _dNLM _dBAKER _dBTCTA _dYDXCP _dC#P _dCDX _dDLC |
||
| 042 | _apcc | ||
| 050 | 0 | 0 |
_aRD93.95 _b.S29 2009 |
| 060 | 0 | 0 | _a2008 N-253 |
| 060 | 1 | 0 |
_aWY 154 _bS289n 2009 |
| 082 | 0 | 0 |
_222 _a617.1 _bSCE |
| 100 | 1 |
_aScemons, Donna. _912831 |
|
| 245 | 1 | 0 |
_aWound Care / _cDonna Scemons, Denise Elston. |
| 260 |
_aNew York : _bMcGraw-Hill Medical, 2009 _cc2009. |
||
| 300 |
_axii, 369 p. : _bcol. ill. ; _c19 cm. |
||
| 490 | 1 | _aNurse to nurse | |
| 504 | _aIncludes bibliographical references and index. | ||
| 505 | 0 | _aEthical considerations in wound evaluation and management -- Principles of skin and wound care -- Pressure ulcer assessment and management principles -- Lower extremity wounds of venous insufficiency -- Arterial insufficiency, ulcer assessment, and management principles -- Neuropathic and diabetic ulcer assessment and management principles -- Lymphedema -- Assessment of other wound types -- Wound management, products, and support surface selection -- Skin assessment and documentation. | |
| 650 | 0 |
_aWounds and injuries _xNursing. _912832 |
|
| 650 | 1 | 2 |
_aWounds and Injuries _xnursing. _912833 |
| 700 | 1 |
_aElston, Denise. _912834 |
|
| 830 | 0 |
_aNurse to nurse (New York, N.Y.) _912835 |
|
| 856 | 4 | 2 |
_3Contributor biographical information _uhttp://www.loc.gov/catdir/enhancements/fy0829/2008015169-b.html |
| 856 | 4 | 2 |
_3Publisher description _uhttp://www.loc.gov/catdir/enhancements/fy0829/2008015169-d.html |
| 856 | 4 | 1 |
_3Table of contents only _uhttp://www.loc.gov/catdir/enhancements/fy0829/2008015169-t.html |
| 942 |
_2ddc _cNRB |
||
| 999 |
_c13716 _d13716 |
||